[Event "GER-ch Candidates 96th"]
[Site "Munich"]
[Date "2025.05.19"]
[Round "4"]
[White "Koepke, Christian"]
[Black "Herbrig, Alexander"]
[Result "1-0"]
[WhiteElo "2328"]
[BlackElo "2297"]
[PlyCount "81"]
[EventDate "2025.05.17"]
[EventType "swiss"]
[EventRounds "9"]
[EventCountry "GER"]
[SourceTitle "CB22_2025"]
[SourceDate "2025.05.28"]
[SourceVersion "1"]
[SourceVersionDate "2025.05.28"]
[SourceQuality "1"]

1. e4 e5 2. Nf3 Nc6 3. Nc3 Nf6 4. d4 exd4 5. Nxd4 Bb4 6. Nxc6 bxc6 7. Bd3 d5 8. Bd2 0-0 9. 0-0 Bxc3 10. Bxc3 dxe4 11. Bxf6 Qxf6 12. Bxe4 Ba6 13. c4 Rad8 14. Qa4 c5 15. b3 Rd4 16. Rae1 g6 17. Bc6 Bc8 18. Bd5 Qg5 19. Qc6 Bf5 20. Qxc5 Rd2 21. Re3 Rxa2 22. Qxc7 Qf6 23. h3 h5 24. b4 Qd4 25. Re8 Qf6 26. Rxf8+ Kxf8 27. Qf4 Kg7 28. c5 Rc2 29. Rc1 Rxc1+ 30. Qxc1 Qd4 31. Qc4 Qa1+ 32. Kh2 Qe5+ 33. f4 Qe3 34. h4 Qf2 35. Qc3+ Kg8 36. Qe5 Qxh4+ 37. Kg1 Qd8 38. c6 Bc8 39. c7 Qd7 40. b5 Kf8 41. Bc6 1-0

[Event "Titled Tuesday intern op 25th Feb Early"]
[Site "Chess.com INT"]
[Date "2025.02.25"]
[Round "9"]
[White "Finegold, Benjamin"]
[Black "Herbrig, Alexander"]
[Result "1-0"]
[WhiteElo "2385"]
[BlackElo "2306"]
[PlyCount "53"]
[EventDate "2025.02.25"]
[EventType "swiss (blitz)"]
[EventRounds "11"]
[EventCountry "USA"]
[SourceTitle "CB10_2025"]
[SourceDate "2025.03.05"]
[SourceVersion "1"]
[SourceVersionDate "2025.03.05"]
[SourceQuality "1"]

1. d4 d5 2. c4 e5 3. dxe5 d4 4. Nf3 Nc6 5. Nbd2 Nge7 6. Nb3 Nf5 7. g3 a5 8. a3 Be6 9. Nbd2 Be7 10. Bg2 Qd7 11. 0-0 a4 12. b4 axb3 13. Qxb3 0-0 14. Bb2 Na5 15. Qd3 c5 16. Rac1 b5 17. cxb5 c4 18. Nxc4 Nxc4 19. Rxc4 Bxc4 20. Qxc4 Bxa3 21. Bxd4 Rac8 22. Qd3 Rfd8 23. Bh3 g6 24. Qxa3 Qxb5 25. Bxf5 gxf5 26. Qe3 Rc2 27. Qg5+ 1-0

[Event "Titled Tuesday intern op 11th Feb Early"]
[Site "Chess.com INT"]
[Date "2025.02.11"]
[Round "4"]
[White "Herbrig, Alexander"]
[Black "Gordon, Frederick"]
[Result "1-0"]
[WhiteElo "2306"]
[BlackElo "2381"]
[PlyCount "79"]
[EventDate "2025.02.11"]
[EventType "swiss (blitz)"]
[EventRounds "11"]
[EventCountry "USA"]
[SourceTitle "CB09_2025"]
[SourceDate "2025.02.27"]
[SourceVersion "1"]
[SourceVersionDate "2025.02.27"]
[SourceQuality "1"]

1. d4 Nf6 2. c4 g6 3. Nc3 d5 4. cxd5 Nxd5 5. Bd2 Bg7 6. e4 Nb6 7. Be3 0-0 8. Nf3 Bg4 9. Be2 Bxf3 10. gxf3 Nc6 11. d5 Ne5 12. Bd4 c5 13. Bxc5 Nec4 14. Bxc4 Nxc4 15. 0-0 Nxb2 16. Qb3 Nd3 17. Be3 Rc8 18. Ne2 Bxa1 19. Rxa1 Nc5 20. Qb2 Qb6 21. Qd4 Nd7 22. Qd2 Qf6 23. Nd4 Ne5 24. Kg2 Nc4 25. Qd3 Nxe3+ 26. Qxe3 Rfd8 27. Rd1 Qe5 28. f4 Qh5 29. Rd2 Qg4+ 30. Qg3 Qxg3+ 31. hxg3 Rc4 32. Kf3 e6 33. Nb3 exd5 34. exd5 b6 35. Rd3 f5 36. g4 fxg4+ 37. Kxg4 Rd6 38. Nd2 Rc5 39. Ne4 Rd7 40. Nf6+ 1-0

[Event "Titled Tuesday intern op 04th Feb Early"]
[Site "Chess.com INT"]
[Date "2025.02.04"]
[Round "8"]
[White "Herbrig, Alexander"]
[Black "Gostev, Serghei"]
[Result "1-0"]
[WhiteElo "2306"]
[BlackElo "2262"]
[PlyCount "113"]
[EventDate "2025.02.04"]
[EventType "swiss (blitz)"]
[EventRounds "11"]
[EventCountry "USA"]
[SourceTitle "CB07_2025"]
[SourceDate "2025.02.12"]
[SourceVersion "1"]
[SourceVersionDate "2025.02.12"]
[SourceQuality "1"]

1. Nf3 d5 2. e3 Nf6 3. c4 e6 4. Nc3 Be7 5. b3 0-0 6. Bb2 dxc4 7. Bxc4 a6 8. Qc2 b5 9. Be2 Bb7 10. h4 c5 11. g4 Nc6 12. Ng5 Nb4 13. Qb1 Bxh1 14. a3 Nc6 15. Nd1 g6 16. f3 Nd5 17. Nf2 Bxg5 18. hxg5 Qxg5 19. Nxh1 Rad8 20. Qc2 Qh4+ 21. Nf2 Qg3 22. Qxc5 Ne5 23. Kf1 Nxf3 24. Bxf3 Qxf3 25. g5 f6 26. gxf6 Nxf6 27. Qe7 Rde8 28. Qc7 Qxf2+ 29. Kxf2 Nd5+ 30. Qf7+ Rxf7+ 31. Ke2 Rc8 32. Be5 Rc2 33. Kd3 Rc8 34. a4 Rd7 35. Ke2 Rc2 36. axb5 axb5 37. Ra8+ Kf7 38. Rh8 Nf6 39. Bd4 e5 40. Bc3 Nd5 41. Bxe5 Nf6 42. Bd4 Ra2 43. Rb8 Rd5 44. Rb7+ Rd7 45. Rb6 Raa7 46. Rxf6+ Ke7 47. Rb6 Rd5 48. Rb8 Rad7 49. Rh8 Ke6 50. Re8+ Kf5 51. e4+ Kf4 52. exd5 Rxd5 53. Be3+ Kf5 54. Rf8+ Kg4 55. Rf4+ Kh5 56. Rd4 g5 57. Rxd5 1-0

[Event "Titled Tuesday intern op 04th Feb Early"]
[Site "Chess.com INT"]
[Date "2025.02.04"]
[Round "6"]
[White "Herbrig, Alexander"]
[Black "Nimay, Agrawal"]
[Result "1-0"]
[WhiteElo "2306"]
[BlackElo "1995"]
[PlyCount "127"]
[EventDate "2025.02.04"]
[EventType "swiss (blitz)"]
[EventRounds "11"]
[EventCountry "USA"]
[SourceTitle "CB07_2025"]
[SourceDate "2025.02.12"]
[SourceVersion "1"]
[SourceVersionDate "2025.02.12"]
[SourceQuality "1"]

1. Nf3 d5 2. e3 Nf6 3. c4 e6 4. Nc3 Be7 5. b3 0-0 6. Bb2 b6 7. cxd5 exd5 8. d4 Bb7 9. Be2 Nbd7 10. 0-0 c5 11. dxc5 bxc5 12. Rc1 a6 13. Na4 Rc8 14. Qc2 Bd6 15. Rfd1 Bb8 16. h3 Qc7 17. Kf1 Rfe8 18. Qf5 Ne4 19. Ng5 Nxg5 20. Qxg5 f6 21. Qf5 d4 22. Bf3 Bxf3 23. Qxf3 dxe3 24. fxe3 Ne5 25. Qd5+ Kh8 26. Rxc5 Qe7 27. Ba3 Rxc5 28. Bxc5 Qc7 29. Bd6 Qc2 30. Bxb8 h6 31. Bxe5 fxe5 32. Kg1 Rf8 33. Qd2 Qc6 34. Rf1 Rb8 35. Nb2 e4 36. Nc4 Qc7 37. Qd6 Qb7 38. Rf8+ Rxf8 39. Qxf8+ Kh7 40. Kh2 Qc7+ 41. Qf4 Qe7 42. Nd2 Qa3 43. Qxe4+ Kh8 44. Nf3 Qxa2 45. Qe8+ Kh7 46. Qe4+ Kh8 47. Qd5 a5 48. e4 Kh7 49. e5 a4 50. Qe4+ Kh8 51. Qxa4 Qe2 52. Qa8+ Kh7 53. Qd5 Qe3 54. Qc4 g5 55. Qf7+ Kh8 56. Qf8+ Kh7 57. Qf7+ Kh8 58. Qf6+ Kh7 59. Qf5+ Kh8 60. e6 Kg7 61. Qf7+ Kh8 62. Qf6+ Kh7 63. e7 Kg8 64. Qf8+ 1-0

[Event "Titled Tuesday intern op 04th Feb Early"]
[Site "Chess.com INT"]
[Date "2025.02.04"]
[Round "3"]
[White "Herbrig, Alexander"]
[Black "Serra Canals, Oriol"]
[Result "0-1"]
[WhiteElo "2306"]
[BlackElo "2128"]
[PlyCount "104"]
[EventDate "2025.02.04"]
[EventType "swiss (blitz)"]
[EventRounds "11"]
[EventCountry "USA"]
[SourceTitle "CB07_2025"]
[SourceDate "2025.02.12"]
[SourceVersion "1"]
[SourceVersionDate "2025.02.12"]
[SourceQuality "1"]

1. d4 e6 2. Nf3 Nf6 3. Bg5 c5 4. e3 b6 5. c3 Bb7 6. Nbd2 Be7 7. Bd3 h6 8. Bh4 0-0 9. 0-0 d6 10. Qe2 Nbd7 11. a4 cxd4 12. exd4 Nh5 13. Bxe7 Qxe7 14. Qe3 Ndf6 15. Bc2 Nd5 16. Qd3 f5 17. Rfe1 Nhf4 18. Qf1 g5 19. g3 g4 20. gxf4 Nxf4 21. d5 Bxd5 22. Bb3 Nh3+ 23. Kh1 Bxb3 24. Nxb3 Qb7 25. Nbd4 Rae8 26. Qg2 e5 27. Nxf5 Qxf3 28. Qxf3 gxf3 29. Nxd6 Re6 30. Ne4 Rf4 31. Rg1+ Nxg1 32. Rxg1+ Kf7 33. Ng3 e4 34. Re1 e3 35. Rxe3 Rxe3 36. fxe3 Rxa4 37. Kg1 Ra2 38. Kf2 Rxb2+ 39. Kxf3 Rxh2 40. Nf5 Rc2 41. Nd6+ Ke6 42. Nc8 Rxc3 43. Nxa7 Rc5 44. Ke4 Kd6 45. Kd4 Kc7 46. e4 Kb7 47. e5 Kxa7 48. e6 Rc7 49. Kd5 h5 50. Kd6 Kb7 51. e7 Rxe7 52. Kxe7 h4 0-1

[Event "Titled Tuesday intern op 04th Feb Late"]
[Site "Chess.com INT"]
[Date "2025.02.04"]
[Round "5"]
[White "Herbrig, Alexander"]
[Black "Von Naso, Lancelot"]
[Result "0-1"]
[WhiteElo "2306"]
[BlackElo "2207"]
[PlyCount "102"]
[EventDate "2025.02.04"]
[EventType "swiss (blitz)"]
[EventRounds "11"]
[EventCountry "USA"]
[SourceTitle "CB07_2025"]
[SourceDate "2025.02.12"]
[SourceVersion "1"]
[SourceVersionDate "2025.02.12"]
[SourceQuality "1"]

1. d4 f5 2. g3 Nf6 3. Bg2 g6 4. Nh3 Bg7 5. Nf4 0-0 6. h4 d6 7. d5 c6 8. h5 g5 9. h6 Bh8 10. Ne6 Bxe6 11. dxe6 g4 12. Qd2 Qe8 13. b3 Ne4 14. Bxe4 Bxa1 15. Bd3 Be5 16. Rh4 Qg6 17. Na3 d5 18. Kf1 Na6 19. f4 Bf6 20. Rh2 Nc5 21. Rf2 Nxe6 22. c3 Nc5 23. Bc2 Rae8 24. b4 Ne4 25. Bxe4 fxe4 26. e3 Qxh6 27. Kg1 Qg7 28. c4 e6 29. Qc2 Qd7 30. Rh2 Kg7 31. Bb2 Qf7 32. Bxf6+ Qxf6 33. Rh4 Kh8 34. Nb1 Rg8 35. Nc3 Rg6 36. Ne2 Rh6 37. Rxg4 Rg6 38. Rxg6 hxg6 39. Nd4 Kg7 40. Qc3 e5 41. fxe5 Qxe5 42. Ne2 Qxc3 43. Nxc3 Rd8 44. cxd5 cxd5 45. Ne2 g5 46. Nd4 Kf6 47. Kf2 Ke5 48. g4 Rc8 49. Kg3 Rc4 50. a3 Rxd4 51. exd4+ Kxd4 0-1

[Event "Titled Tuesday intern op 04th Feb Late"]
[Site "Chess.com INT"]
[Date "2025.02.04"]
[Round "6"]
[White "Herman, Daniel"]
[Black "Herbrig, Alexander"]
[Result "0-1"]
[WhiteElo "1920"]
[BlackElo "2306"]
[PlyCount "120"]
[EventDate "2025.02.04"]
[EventType "swiss (blitz)"]
[EventRounds "11"]
[EventCountry "USA"]
[SourceTitle "CB07_2025"]
[SourceDate "2025.02.12"]
[SourceVersion "1"]
[SourceVersionDate "2025.02.12"]
[SourceQuality "1"]

1. e4 c5 2. Nf3 d6 3. d4 cxd4 4. Nxd4 Nf6 5. Nc3 g6 6. Be3 Nc6 7. f3 h5 8. Qd2 Nxd4 9. Qxd4 Bg7 10. 0-0-0 0-0 11. Qd2 Be6 12. Bh6 Qa5 13. Bxg7 Kxg7 14. Kb1 Rfc8 15. a3 Rc6 16. Nd5 Qxd2 17. Rxd2 Bxd5 18. exd5 Rc5 19. c4 a5 20. Bd3 a4 21. Re1 Kf8 22. Rde2 Re8 23. g3 Nd7 24. f4 Nb6 25. Re4 Rc7 26. h3 Ra8 27. g4 hxg4 28. hxg4 Ra5 29. Rh1 Kg7 30. g5 Ra8 31. Rhe1 Rac8 32. Rxe7 Rxe7 33. Rxe7 Nxc4 34. Rxb7 Nd2+ 35. Ka2 Nb3 36. Bb1 Nc1+ 37. Ka1 Nb3+ 38. Ka2 Rc1 39. Rb4 Rc5 40. Rxa4 Nc1+ 41. Ka1 Nb3+ 42. Ka2 Nc1+ 43. Ka1 Rxd5 44. Rb4 Ne2 45. a4 Nd4 46. Ba2 Nc2+ 47. Kb1 Nxb4 48. Bxd5 Nxd5 49. a5 Nc7 50. Kc2 Kf8 51. Kc3 Ke7 52. b4 Kd7 53. Kc4 Kc6 54. Kd4 Kb5 55. Kc3 Na6 56. f5 Nxb4 57. f6 Nc6 58. a6 Kxa6 59. Kc4 Kb6 60. Kd5 Kc7 0-1

[Event "Titled Tuesday intern op 04th Feb Late"]
[Site "Chess.com INT"]
[Date "2025.02.04"]
[Round "8"]
[White "Poltorak, Sebastian"]
[Black "Herbrig, Alexander"]
[Result "1-0"]
[WhiteElo "2407"]
[BlackElo "2306"]
[PlyCount "99"]
[EventDate "2025.02.04"]
[EventType "swiss (blitz)"]
[EventRounds "11"]
[EventCountry "USA"]
[SourceTitle "CB07_2025"]
[SourceDate "2025.02.12"]
[SourceVersion "1"]
[SourceVersionDate "2025.02.12"]
[SourceQuality "1"]

1. d4 d5 2. c4 e5 3. dxe5 d4 4. Nf3 Nc6 5. a3 a5 6. e3 Bc5 7. exd4 Bxd4 8. Be2 Be6 9. 0-0 Bxe5 10. Nxe5 Nxe5 11. Qa4+ Qd7 12. Qxd7+ Nxd7 13. Bf4 0-0-0 14. b4 Ne7 15. Nc3 Nc6 16. Nb5 Nde5 17. bxa5 f6 18. Rab1 Nd4 19. Nxd4 Rxd4 20. Be3 Rd6 21. c5 Rd5 22. a6 bxa6 23. Bxa6+ Kd7 24. Rfd1 Rxd1+ 25. Rxd1+ Ke7 26. Be2 Ra8 27. Ra1 Nc4 28. Bf4 Rxa3 29. Rxa3 Nxa3 30. Bxc7 Kd7 31. Bd6 Nc4 32. Bf8 g6 33. Bf3 Ne5 34. Be2 Kc6 35. Bd6 Nd7 36. Bf3+ Kb5 37. c6 Ne5 38. Bxe5 fxe5 39. Kf1 Kb6 40. Ke2 Bc4+ 41. Ke3 Bb5 42. Ke4 Bxc6+ 43. Kxe5 Bxf3 44. gxf3 Kc5 45. h4 Kc4 46. Kf6 Kd3 47. Kg7 Ke2 48. Kxh7 Kxf2 49. Kxg6 Kxf3 50. h5 1-0

[Event "Titled Tuesday intern op 04th Feb Early"]
[Site "Chess.com INT"]
[Date "2025.02.04"]
[Round "5"]
[White "Schut, Han"]
[Black "Herbrig, Alexander"]
[Result "1/2-1/2"]
[WhiteElo "2088"]
[BlackElo "2306"]
[PlyCount "117"]
[EventDate "2025.02.04"]
[EventType "swiss (blitz)"]
[EventRounds "11"]
[EventCountry "USA"]
[SourceTitle "CB07_2025"]
[SourceDate "2025.02.12"]
[SourceVersion "1"]
[SourceVersionDate "2025.02.12"]
[SourceQuality "1"]

1. e4 c5 2. Nf3 d6 3. d4 cxd4 4. Nxd4 Nf6 5. f3 g6 6. c4 Nc6 7. Nc3 Bd7 8. Be3 Bg7 9. Qd2 0-0 10. Rc1 Nxd4 11. Bxd4 Bc6 12. Be2 a5 13. b3 Nd7 14. Be3 Nc5 15. 0-0 Be5 16. g3 e6 17. Rc2 Qe7 18. Rb1 f5 19. exf5 Rxf5 20. f4 Bg7 21. Bg4 Rf7 22. Rd1 Ne4 23. Nxe4 Bxe4 24. Rcc1 d5 25. Bd4 dxc4 26. Bxg7 Rxg7 27. Rxc4 Bd5 28. Rcc1 b5 29. Qd4 Qa7 30. Qxa7 Rgxa7 31. Rc5 b4 32. Rdc1 Kf7 33. Rc7+ Rxc7 34. Rxc7+ Kf6 35. Kf2 a4 36. Bf3 Bxf3 37. Kxf3 axb3 38. axb3 Ra3 39. Ke4 h5 40. h3 Rxb3 41. g4 hxg4 42. hxg4 g5 43. f5 Rb1 44. Rc6 Re1+ 45. Kf3 b3 46. Rb6 b2 47. Rxb2 exf5 48. Rb6+ Kf7 49. gxf5 Ra1 50. Kg4 Rg1+ 51. Kh5 g4 52. Rg6 g3 53. Kh4 g2 54. Kh3 Rf1 55. Rxg2 Rxf5 56. Rg3 Ke6 57. Kg2 Ke5 58. Rf3 Rxf3 59. Kxf3 1/2-1/2

[Event "Titled Tuesday intern op 28th Jan Early"]
[Site "Chess.com INT"]
[Date "2025.01.28"]
[Round "3"]
[White "Herbrig, Alexander"]
[Black "Madej, Marek"]
[Result "1-0"]
[WhiteElo "2325"]
[BlackElo "2162"]
[PlyCount "81"]
[EventDate "2025.01.28"]
[EventType "swiss (blitz)"]
[EventRounds "11"]
[EventCountry "USA"]
[SourceTitle "CB06_2025"]
[SourceDate "2025.02.05"]
[SourceVersion "1"]
[SourceVersionDate "2025.02.05"]
[SourceQuality "1"]

1. d4 Nf6 2. Bf4 b6 3. Nf3 Bb7 4. g3 e6 5. Bg2 Be7 6. 0-0 0-0 7. c4 d6 8. Nc3 Nbd7 9. Qc2 Nh5 10. Bd2 e5 11. dxe5 dxe5 12. Ng5 Bxg5 13. Bxg5 Qc8 14. Nd5 Bxd5 15. Bxd5 c6 16. Bg2 h6 17. Bd2 Nhf6 18. Bc3 Qc7 19. Qf5 Rfe8 20. Rad1 a5 21. b3 a4 22. b4 Rad8 23. Rc1 c5 24. b5 Nf8 25. Bc6 Re7 26. e4 Ng6 27. Rcd1 Re6 28. Bd5 Red6 29. Bxe5 Nxe5 30. Qxe5 Qd7 31. Qf4 Re8 32. Bxf7+ Qxf7 33. Rxd6 Rxe4 34. Rd8+ Kh7 35. Qf5+ g6 36. Qc8 Rxc4 37. Rf8 Qg7 38. Qe6 Re4 39. Qf7 Qxf7 40. Rxf7+ Kg8 41. Rxf6 1-0

[Event "Titled Tuesday intern op 28th Jan Early"]
[Site "Chess.com INT"]
[Date "2025.01.28"]
[Round "10"]
[White "Herbrig, Alexander"]
[Black "Salimova, Asal"]
[Result "1-0"]
[WhiteElo "2325"]
[BlackElo "2050"]
[PlyCount "127"]
[EventDate "2025.01.28"]
[EventType "swiss (blitz)"]
[EventRounds "11"]
[EventCountry "USA"]
[SourceTitle "CB06_2025"]
[SourceDate "2025.02.05"]
[SourceVersion "1"]
[SourceVersionDate "2025.02.05"]
[SourceQuality "1"]

1. d4 g6 2. g3 Bg7 3. Bg2 c5 4. d5 d6 5. Nc3 Nf6 6. Nf3 0-0 7. a4 Nbd7 8. 0-0 a6 9. Nd2 Rb8 10. Nc4 Ne8 11. Bf4 Nb6 12. Nxb6 Qxb6 13. Rb1 Qc7 14. Qd2 b5 15. axb5 axb5 16. Bh6 b4 17. Bxg7 Kxg7 18. Ne4 Bf5 19. Qf4 Bxe4 20. Qxe4 Nf6 21. Qc4 Ra8 22. Ra1 Qb7 23. e4 Nd7 24. f4 Rxa1 25. Rxa1 Ra8 26. Re1 Qa6 27. Qb3 Qb6 28. c4 Qa5 29. e5 Qa2 30. Qc2 Nb6 31. Bf1 Na4 32. Re2 Qa1 33. Rf2 Rb8 34. f5 dxe5 35. fxg6 hxg6 36. Qe2 f6 37. Qg4 Qb1 38. Qe6 Rb7 39. d6 Qe4 40. dxe7 Rxe7 41. Qxe7+ Kh6 42. Qf8+ Kg5 43. Qxf6+ Kh6 44. Qh8+ Kg5 45. h4+ Kg4 46. Be2+ Kxg3 47. Rf3+ Qxf3 48. Bxf3 Kxf3 49. Qxe5 Kg4 50. Qe6+ Kxh4 51. Qe7+ g5 52. Qh7+ Kg4 53. Qd7+ Kh4 54. Qxa4 Kg4 55. Qd7+ Kf3 56. Qd5+ Ke3 57. Qxc5+ Kd3 58. Qxb4 Kc2 59. c5 Kb1 60. c6 g4 61. c7 g3 62. c8Q g2 63. Qf5+ Ka2 64. Qa3# 1-0

[Event "Titled Tuesday intern op 28th Jan Early"]
[Site "Chess.com INT"]
[Date "2025.01.28"]
[Round "7"]
[White "Klimchuk, Andriy"]
[Black "Herbrig, Alexander"]
[Result "1-0"]
[WhiteElo "2405"]
[BlackElo "2325"]
[PlyCount "135"]
[EventDate "2025.01.28"]
[EventType "swiss (blitz)"]
[EventRounds "11"]
[EventCountry "USA"]
[SourceTitle "CB06_2025"]
[SourceDate "2025.02.05"]
[SourceVersion "1"]
[SourceVersionDate "2025.02.05"]
[SourceQuality "1"]

1. e4 c5 2. Nf3 d6 3. d4 cxd4 4. Nxd4 Nf6 5. Nc3 g6 6. Be2 Nc6 7. Nb3 Bg7 8. 0-0 Bd7 9. Re1 0-0 10. Bf1 Rc8 11. Nd5 Ne5 12. Bg5 Nxd5 13. exd5 h6 14. Be3 a5 15. Bd4 a4 16. Nd2 Bf5 17. c3 Qa5 18. Bxe5 dxe5 19. Nc4 Qc7 20. Qxa4 Rfd8 21. Rad1 Bg4 22. Rd2 Bd7 23. Qa5 Qxa5 24. Nxa5 b6 25. Nc4 b5 26. Nxe5 Be6 27. Bxb5 Rxd5 28. Rxd5 Bxd5 29. a4 Bb3 30. Nc6 Ra8 31. Rxe7 Bxa4 32. Bxa4 Rxa4 33. g3 Ra1+ 34. Kg2 Rb1 35. Re2 Kf8 36. h4 h5 37. Kf3 Bf6 38. Na5 Bg7 39. Nc4 Bh6 40. Ke4 Rd1 41. b4 f5+ 42. Ke5 Bg7+ 43. Ke6 Bxc3 44. b5 Rb1 45. Rc2 Bd4 46. Rd2 Bc5 47. Kf6 Ke8 48. Kxg6 Rxb5 49. Kxh5 f4 50. Kg4 fxg3 51. fxg3 Rb4 52. Rc2 Kf7 53. Kf5 Rb3 54. Ne5+ Kg7 55. Rxc5 Rxg3 56. Ng4 Rf3+ 57. Kg5 Rf7 58. h5 Ra7 59. h6+ Kh7 60. Rd5 Rb7 61. Rd7+ Rxd7 62. Nf6+ Kh8 63. Nxd7 Kh7 64. Kh5 Kh8 65. Kg6 Kg8 66. Ne5 Kh8 67. Nf7+ Kg8 68. h7+ 1-0

[Event "Titled Tuesday intern op 21st Jan Late"]
[Site "Chess.com INT"]
[Date "2025.01.21"]
[Round "7"]
[White "Herbrig, Alexander"]
[Black "Kalina, Leo"]
[Result "1-0"]
[WhiteElo "2325"]
[BlackElo "2076"]
[PlyCount "59"]
[EventDate "2025.01.21"]
[EventType "swiss (blitz)"]
[EventRounds "11"]
[EventCountry "USA"]
[SourceTitle "CB05_2025"]
[SourceDate "2025.01.29"]
[SourceVersion "1"]
[SourceVersionDate "2025.01.29"]
[SourceQuality "1"]

1. d4 b6 2. Nf3 Bb7 3. g3 g6 4. Bg2 Bg7 5. 0-0 Nf6 6. c4 0-0 7. b3 d6 8. Bb2 Nbd7 9. Nc3 Re8 10. Qc2 e5 11. dxe5 dxe5 12. Rad1 Qe7 13. Nb5 Rec8 14. Qb1 a6 15. Nc3 Re8 16. e4 Nc5 17. Rfe1 c6 18. b4 Ncd7 19. a3 Rad8 20. Na4 b5 21. cxb5 cxb5 22. Nc3 Nb6 23. Nd5 Nfxd5 24. exd5 Bxd5 25. Nxe5 Bxg2 26. Kxg2 Rxd1 27. Qxd1 Bxe5 28. Rxe5 Qb7+ 29. Kg1 Rxe5 30. Qd8+ 1-0

[Event "Titled Tuesday intern op 21st Jan Late"]
[Site "Chess.com INT"]
[Date "2025.01.21"]
[Round "9"]
[White "Keller, Peter1"]
[Black "Herbrig, Alexander"]
[Result "0-1"]
[WhiteElo "2308"]
[BlackElo "2325"]
[PlyCount "70"]
[EventDate "2025.01.21"]
[EventType "swiss (blitz)"]
[EventRounds "11"]
[EventCountry "USA"]
[SourceTitle "CB05_2025"]
[SourceDate "2025.01.29"]
[SourceVersion "1"]
[SourceVersionDate "2025.01.29"]
[SourceQuality "1"]

1. e4 c5 2. Nf3 d6 3. d4 cxd4 4. Nxd4 Nf6 5. Nc3 g6 6. Be3 Nc6 7. f3 h5 8. Qd2 Nxd4 9. Qxd4 Bg7 10. 0-0-0 0-0 11. Qd2 Be6 12. Kb1 a6 13. h3 h4 14. Bg5 b5 15. Bxh4 b4 16. Nd5 Rc8 17. Bxa6 Rc5 18. Bf2 Ra5 19. Bc4 Nxd5 20. exd5 Bd7 21. h4 Qc7 22. Bb3 Ba4 23. Bd4 Bxb3 24. cxb3 Rxd5 25. Qe3 e5 26. Bb6 Rxd1+ 27. Rxd1 Qc6 28. Rc1 Qb5 29. Bc7 d5 30. h5 gxh5 31. Qg5 Qd3+ 32. Ka1 Qg6 33. Qe3 Bh6 34. Qe1 Bxc1 35. Qxc1 Rc8 0-1

[Event "Titled Tuesday intern op 21st Jan Late"]
[Site "Chess.com INT"]
[Date "2025.01.21"]
[Round "8"]
[White "Maksimovic, Bojan"]
[Black "Herbrig, Alexander"]
[Result "1-0"]
[WhiteElo "2505"]
[BlackElo "2325"]
[PlyCount "43"]
[EventDate "2025.01.21"]
[EventType "swiss (blitz)"]
[EventRounds "11"]
[EventCountry "USA"]
[SourceTitle "CB05_2025"]
[SourceDate "2025.01.29"]
[SourceVersion "1"]
[SourceVersionDate "2025.01.29"]
[SourceQuality "1"]

1. d4 d5 2. Bg5 Nf6 3. Nd2 Nbd7 4. Ngf3 g6 5. e3 Bg7 6. Bd3 c6 7. 0-0 0-0 8. c4 a5 9. cxd5 Nxd5 10. Rc1 Qe8 11. Nc4 e5 12. dxe5 Nxe5 13. Nfxe5 Bxe5 14. Nxe5 Qxe5 15. Bh6 Re8 16. Bc4 Be6 17. Qd2 Nf6 18. Bf4 Qf5 19. Bd3 Qd5 20. Qc3 Ne4 21. Bxe4 Qxe4 22. Bh6 1-0

[Event "Titled Tuesday intern op 21st Jan Late"]
[Site "Chess.com INT"]
[Date "2025.01.21"]
[Round "3"]
[White "Sala, Giulia"]
[Black "Herbrig, Alexander"]
[Result "0-1"]
[WhiteElo "2091"]
[BlackElo "2325"]
[PlyCount "78"]
[EventDate "2025.01.21"]
[EventType "swiss (blitz)"]
[EventRounds "11"]
[EventCountry "USA"]
[SourceTitle "CB05_2025"]
[SourceDate "2025.01.29"]
[SourceVersion "1"]
[SourceVersionDate "2025.01.29"]
[SourceQuality "1"]

1. g3 d5 2. Bg2 Nf6 3. d3 c6 4. Nd2 Bg4 5. h3 Bh5 6. Ngf3 Nbd7 7. 0-0 e5 8. e4 Bd6 9. Re1 0-0 10. b3 a5 11. a4 Re8 12. Bb2 Bc7 13. Qe2 Nc5 14. Qf1 dxe4 15. Nxe4 Nfxe4 16. dxe4 f6 17. Rad1 Qc8 18. Qc4+ Ne6 19. Nh4 Bxd1 20. Rxd1 Kh8 21. Nf5 Nd4 22. Nxd4 exd4 23. Bxd4 Qe6 24. Qc3 Rad8 25. Re1 Be5 26. Bxe5 Qxe5 27. Qe3 h6 28. Qb6 Rd7 29. Kh2 Qd4 30. Qxa5 Qxf2 31. Qh5 Red8 32. Rf1 Qd2 33. Qc5 Qg5 34. Rf5 Qg6 35. Qb4 Rd2 36. Qxb7 Rxc2 37. Rf1 Rdd2 38. Rg1 Qxe4 39. Qc7 Rxg2+ 0-1

[Event "Titled Tuesday intern op 14th Jan Early"]
[Site "Chess.com INT"]
[Date "2025.01.14"]
[Round "4"]
[White "Herbrig, Alexander"]
[Black "Fiskaaen, Martin Holten"]
[Result "0-1"]
[WhiteElo "2325"]
[BlackElo "2311"]
[PlyCount "178"]
[EventDate "2025.01.14"]
[EventType "swiss (blitz)"]
[EventRounds "11"]
[EventCountry "USA"]
[SourceTitle "CB04_2025"]
[SourceDate "2025.01.22"]
[SourceVersion "1"]
[SourceVersionDate "2025.01.22"]
[SourceQuality "1"]

1. Nf3 Nf6 2. g3 d5 3. Bg2 c6 4. 0-0 Bg4 5. c4 e6 6. Qb3 Qb6 7. Nc3 Nbd7 8. d4 Be7 9. Rd1 h6 10. Qc2 0-0 11. b3 a5 12. Bb2 Rfe8 13. e4 dxe4 14. Nxe4 Nxe4 15. Qxe4 Nf6 16. Qe3 a4 17. h3 Bf5 18. c5 Qc7 19. Ne5 Nd5 20. Qe2 Bf6 21. g4 Bh7 22. Bxd5 exd5 23. f4 Be4 24. b4 a3 25. Bc3 Be7 26. Qf2 f6 27. Nd3 Bf8 28. Nc1 Re7 29. Ne2 Rae8 30. Ng3 Qd7 31. Re1 Bd3 32. Rxe7 Rxe7 33. Re1 Rxe1+ 34. Bxe1 Bc4 35. Qe3 b6 36. Qxa3 bxc5 37. bxc5 Qe6 38. Bf2 h5 39. gxh5 Qc8 40. Kh2 Qe8 41. Qb2 Qa8 42. a3 Qa4 43. h6 gxh6 44. Nh5 Kf7 45. Bh4 Qd1 46. Qg2 Qxh5 47. Qf2 Qf5 48. a4 Be7 49. a5 Bd8 50. Bg3 Bxa5 51. Qe3 Bc7 52. Qa3 Ke7 53. Qe3+ Kd7 54. Qf2 Qe4 55. Kg1 Qe2 56. Bh4 Qxf2+ 57. Kxf2 Bxf4 58. Bxf6 Ke6 59. Bg7 Kf5 60. Kf3 Bd3 61. h4 Bc2 62. Bf8 Bd1+ 63. Kf2 Ke4 64. Bg7 Be3+ 65. Kg3 h5 66. Be5 Bxd4 67. Bd6 Be3 68. Kh3 Bg4+ 69. Kg2 Kd3 70. Kg3 Kc4 71. Be7 Bxc5 72. Bf6 Bd6+ 73. Kg2 c5 74. Bg5 d4 75. Kg1 Kd3 76. Kf1 c4 77. Ke1 c3 78. Kf2 c2 79. Bh6 Ba3 80. Kg3 c1Q 81. Bxc1 Bxc1 82. Kf2 Be3+ 83. Ke1 Ke4 84. Kf1 d3 85. Ke1 d2+ 86. Kf1 d1Q+ 87. Kg2 Qf3+ 88. Kh2 Qf2+ 89. Kh1 Bf3# 0-1

[Event "Titled Tuesday intern op 14th Jan Early"]
[Site "Chess.com INT"]
[Date "2025.01.14"]
[Round "3"]
[White "Sernecki, Franciszek"]
[Black "Herbrig, Alexander"]
[Result "1-0"]
[WhiteElo "2344"]
[BlackElo "2325"]
[PlyCount "61"]
[EventDate "2025.01.14"]
[EventType "swiss (blitz)"]
[EventRounds "11"]
[EventCountry "USA"]
[SourceTitle "CB04_2025"]
[SourceDate "2025.01.22"]
[SourceVersion "1"]
[SourceVersionDate "2025.01.22"]
[SourceQuality "1"]

1. e4 c5 2. Nf3 d6 3. Bb5+ Nd7 4. d4 cxd4 5. Qxd4 a6 6. Bxd7+ Qxd7 7. c4 Nf6 8. Nc3 g6 9. Nd5 Qd8 10. Bg5 Bg7 11. Bxf6 exf6 12. 0-0 0-0 13. Rad1 f5 14. Qd3 fxe4 15. Qxe4 Bxb2 16. Nd4 Be6 17. Nxe6 fxe6 18. Qxe6+ Kh8 19. Ne3 Be5 20. c5 Re8 21. Qf7 Re7 22. Qf3 Rd7 23. Nc4 Bxh2+ 24. Kxh2 Qh4+ 25. Qh3 Qf4+ 26. g3 Qxc4 27. Qxd7 Qxc5 28. Qxd6 Qh5+ 29. Kg1 Re8 30. Qf6+ Kg8 31. Rd7 1-0